|
|
|
|
| LEADER |
00000nam0a2200000 4500 |
| 001 |
290783 |
| 005 |
20231102000325.0 |
| 010 |
|
|
|a 9785971013990
|
| 035 |
|
|
|a (RuTPU)RU\TPU\book\315341
|
| 090 |
|
|
|a 290783
|
| 100 |
|
|
|a 20150409d2015 m y0rusy50 ca
|
| 101 |
0 |
|
|a rus
|
| 102 |
|
|
|a RU
|
| 105 |
|
|
|a a j 001zy
|
| 200 |
1 |
|
|a Введение в теорию функций комплексного переменного
|e учебник для вузов
|f И. И. Привалов
|
| 205 |
|
|
|a 16-е изд.
|
| 210 |
|
|
|a Москва
|c ЛЕНАНД
|d 2015
|
| 215 |
|
|
|a 432 с.
|c ил.
|
| 225 |
1 |
|
|a Физико-математическое наследие: математика (теория функций)
|
| 320 |
|
|
|a Предм. указ.: с. 429-432.
|
| 330 |
|
|
|a Вниманию читателей предлагается классический учебник для высших учебных заведений по теории функций комплексного переменного, написанный выдающимся советским математиком, членом-корреспондентом АН СССР И. И. Приваловым.Учебник предназначен прежде всего для студентов вузов; он также будет полезен преподавателям, аспирантам, научным работникам.
|
| 606 |
1 |
|
|a Функции комплексного переменного
|2 stltpush
|3 (RuTPU)RU\TPU\subj\17059
|9 42902
|
| 610 |
1 |
|
|a учебники
|
| 610 |
1 |
|
|a комплексные числа
|
| 610 |
1 |
|
|a комплексные переменные
|
| 610 |
1 |
|
|a линейные преобразования
|
| 610 |
1 |
|
|a линейные функции
|
| 610 |
1 |
|
|a теорема Коши
|
| 610 |
1 |
|
|a интеграл Коши
|
| 610 |
1 |
|
|a аналитические функции
|
| 610 |
1 |
|
|a ряды
|
| 610 |
1 |
|
|a степенные ряды
|
| 610 |
1 |
|
|a ряд Лорана
|
| 610 |
1 |
|
|a вычеты
|
| 610 |
1 |
|
|a теорема Пикара
|
| 610 |
1 |
|
|a бесконечные произведения
|
| 610 |
1 |
|
|a эллиптические функции
|
| 610 |
1 |
|
|a комформное отображение
|
| 610 |
1 |
|
|a однолистные функции
|
| 675 |
|
|
|a 517.53(075.8)
|v 4
|
| 700 |
|
1 |
|a Привалов
|b И. И.
|g Иван Иванович
|
| 801 |
|
1 |
|a RU
|b 63413507
|c 20150409
|
| 801 |
|
2 |
|a RU
|b 63413507
|c 20150604
|g RCR
|
| 900 |
|
|
|a Математический анализ
|
| 900 |
|
|
|a Теория функций комплексного переменного
|
| 942 |
|
|
|c BK
|
| 959 |
|
|
|a 39/20150409
|d 3
|e 699,00
|f ЧЗТЛ:1
|f УФ:2
|